000 00487nam a2200157Ia 4500
005 20250620033118.0
008 240331s9999 xx 000 0 und d
020 _a9789551302115
082 _bSRI
_a322
245 0 _aSri Lankawa :
_bmanawa himikam thathwaya 2006
260 _aColombo
_bLaw & Social responsibility
_c2006
300 _a200 p .,
500 _aSri Lanka: Human Rights Situation 2006 Tsunami Disaster and the Aftermath
700 _aNeethiya ha samaja .
_eedt
942 _cL
999 _c5023
_d5023